Statistics for Stations on the C2C (UK)

Click here to take the quiz!

General Stats

  • This quiz has been taken 41 times
  • The average score is 21 of 28

Answer Stats

LineAnswer% Correct
MainLondon Fenchurch Street
97%
MainSouthend Central
97%
MainBarking
94%
MainUpminster
87%
Tilbury LoopGrays
84%
Tilbury LoopRainham (London)
84%
MainSouthend East
84%
Limited
Service
Stratford
84%
MainWest Ham
84%
Tilbury LoopDagenham Dock
81%
MainShoeburyness
81%
Tilbury LoopTilbury Town
81%
MainLeigh-on-Sea
77%
MainLimehouse
74%
Limited
Service
London Liverpool Street
74%
MainBasildon
71%
MainPitsea
71%
MainWestcliff
71%
MainBenfleet
68%
Tilbury LoopChafford Hundred
68%
MainChalkwell
68%
MainLaindon
68%
MainThorpe Bay
68%
Tilbury LoopEast Tilbury
65%
Tilbury LoopOckendon
65%
Tilbury LoopStanford-Le-Hope
65%
Tilbury LoopPurfleet
61%
MainWest Horndon
61%

Score Distribution

Percentile by Number Answered

Percent of People with Each Score

Your Score History

You have not taken this quiz